[Event "Tatran Cup"]
[Site "Stary Smokovec"]
[Date "1984.??.??"]
[Round "11"]
[White "Kristiansen, Jens"]
[Black "Chernin, Alexander"]
[Result "0-1"]
[WhiteElo "2445"]
[BlackElo "2475"]

1.e4 e6 2.d4 d5 3.Nc3 Bb4 4.e5 Ne7 5.a3 Bxc3+ 6.bxc3 c5 7.Nf3 Qc7 8.a4 b6
9.Bb5+ Bd7 10.Bd3 h6 11.O-O Nbc6 12.Ba3 Na5 13.Re1 c4 14.Bf1 Bc6 15.g3 O-O-O
16.Nh4 Kb7 17.f4 g6 18.Ng2 Nc8 19.g4 Qd7 20.Ne3 h5 21.f5 hxg4 22.fxe6 Qxe6
23.Qxg4 Qxg4+ 24.Nxg4 Bd7 25.Ne3 Be6 26.Bg2 Kc7 27.Rf1 Nc6 28.Rf6 Rh7 29.Rb1 a6
30.Bf3 Rh4 31.Ng2 Rdh8 32.Nxh4 Rxh4 33.Bg2 N6e7 34.Rbf1 Nf5 35.Rf3 Kd7 36.Bh3 Nce7
37.Bxe7 Kxe7 38.Bxf5 gxf5 39.Kg2 b5 40.axb5 axb5 41.h3 b4 42.cxb4 Rxd4 43.c3 Rd2+
44.Rf2 Rd3 45.Rf3 d4 46.Rf4 dxc3 47.Rf1 c2 48.Rc1 c3 49.Kf2 Rxh3 50.b5 Bd5
51.Ra6 f4 52.Raa1 Rh2+ 53.Kg1 Rg2+ 54.Kf1 f3 55.Ra4 Rd2 56.Raa1 Bc4+  0-1

[Event "Valjevo"]
[Site "Valjevo"]
[Date "1984.??.??"]
[Round "3"]
[White "Zivkovic, Vladislav"]
[Black "Sahovic, Dragutin"]
[Result "0-1"]
[WhiteElo "2200"]
[BlackElo "2430"]

1.e4 e6 2.d4 d5 3.Nc3 Bb4 4.e5 Qd7 5.Bd2 b6 6.Nf3 Bxc3 7.Bxc3 Ne7 8.Bd2 Ba6
9.Bxa6 Nxa6 10.Qe2 Nb8 11.O-O O-O 12.Rfe1 c5 13.c3 Nbc6 14.Be3 cxd4 15.Bxd4 Rac8
16.Rad1 Qb7 17.h4 b5 18.Ng5 h6 19.Nh3 Nf5 20.g3 Ncxd4 21.cxd4 Rc4 22.b3 Rxd4
23.Rxd4 Nxd4 24.Qd3 Nf5 25.h5 Rc8 26.g4 Ne7 27.g5 hxg5 28.Nxg5 Nf5 29.Nf3 Qc6
30.Nd4 Nxd4 31.Qxd4 Qc3 32.Qxc3 Rxc3 33.Kg2 Kh7  0-1

[Event "Vrnjacka Banja"]
[Site "Vrnjacka Banja"]
[Date "1984.??.??"]
[Round "?"]
[White "Tosic, Miroslav"]
[Black "Donchev, Dimitar I"]
[Result "1/2-1/2"]
[WhiteElo "2350"]
[BlackElo "2490"]

1.e4 e6 2.d4 d5 3.Nc3 Bb4 4.e5 Qd7 5.Nf3 b6 6.Bd2 Bxc3 7.Bxc3 Ne7 8.Bd3 Ba6
9.O-O Bxd3 10.cxd3 h5 11.b4 Nf5 12.a4 Nc6 13.Qd2 Nce7 14.Rfc1 Ng6  1/2-1/2

[Event "Vrnjacka Banja"]
[Site "Vrnjacka Banja"]
[Date "1984.??.??"]
[Round "?"]
[White "Hazai, Laszlo"]
[Black "Vaisser, Anatoli"]
[Result "1/2-1/2"]
[WhiteElo "2460"]
[BlackElo "2475"]

1.e4 e6 2.d4 d5 3.Nc3 Bb4 4.e5 Ne7 5.a3 Bxc3+ 6.bxc3 c5 7.Nf3 Bd7 8.a4 Qa5
9.Bd2 Nbc6 10.Bb5 c4 11.O-O f6 12.exf6 gxf6 13.Re1 O-O-O 14.Qc1 Rde8 15.Bxc6 Nxc6
16.Bf4 Ne7 17.h3 Ng6 18.Bd6 Rhg8 19.Qa3 Rg7 20.Bg3 Rge7  1/2-1/2

[Event "Vrnjacka Banja"]
[Site "Vrnjacka Banja"]
[Date "1984.??.??"]
[Round "?"]
[White "Tosic, Miroslav"]
[Black "Vaisser, Anatoli"]
[Result "0-1"]
[WhiteElo "2350"]
[BlackElo "2475"]

1.e4 e6 2.d4 d5 3.Nc3 Bb4 4.e5 Ne7 5.a3 Bxc3+ 6.bxc3 c5 7.Qg4 Qc7 8.Kd1 cxd4
9.cxd4 Nf5 10.Nf3 Nc6 11.Bd3 h5 12.Qf4 Nce7 13.h4 Bd7 14.a4 Rc8 15.g4 hxg4
16.Qxg4 Qc3 17.Ra2 Qb4 18.Ke2 Rc4 19.Rb2 Qxa4 20.Rxb7 Bc8 21.Rb8 Rxc2+ 22.Bd2 O-O
23.Rhb1 Ba6 24.Rxf8+ Kxf8 25.Rb8+ Nc8 26.Bxa6 Qxa6+ 27.Kd1 Qa1+ 28.Ke2 Qa6+
29.Kd1 Ra2 30.Qg5 Ke8 31.Qf4 Qc4 32.Ne1 Ra1+ 33.Bc1 Nxd4 34.Qe3 Rxc1+  0-1

[Event "Yerevan"]
[Site "Yerevan"]
[Date "1984.??.??"]
[Round "?"]
[White "Eolian, Levon S"]
[Black "Short, Nigel D"]
[Result "0-1"]
[WhiteElo "2425"]
[BlackElo "2500"]

1.e4 e6 2.d4 d5 3.Nc3 Bb4 4.e5 b6 5.Qg4 Bf8 6.Bg5 Qd7 7.O-O-O h6 8.Be3 Ba6
9.Nge2 Nc6 10.h4 O-O-O 11.Ng3 Bxf1 12.Rhxf1 Kb8 13.f4 f5 14.exf6 Nxf6 15.Qh3 Bb4
16.Nge2 g6 17.a3 Bxc3 18.Nxc3 h5 19.Rfe1 Ne7 20.Bf2 Nf5 21.Re2 Rhe8 22.Rde1 Rc8
23.Kb1 Qf7 24.Ka1 Re7 25.Ka2 Rce8 26.Rg1 Ng4 27.Qf3 Qf6 28.Rge1 c6 29.Rd1 Nxh4
30.Bxh4 Qxh4 31.Nb1 Qf6 32.c3 Rf8 33.Rde1 Qxf4 34.Nd2 Qxf3 35.Nxf3 Rf6 36.Ng5 Kc7
37.Nxe6+ Kd6 38.Ng5 Rxe2 39.Rxe2 Kd7 40.Nf3 Re6 41.Rd2 Ke7 42.Kb1 Kf6 43.a4  0-1

[Event "Yerevan"]
[Site "Yerevan"]
[Date "1984.??.??"]
[Round "?"]
[White "Tseshkovsky, Vitaly"]
[Black "Malaniuk, Vladimir P"]
[Result "1/2-1/2"]
[WhiteElo "2490"]
[BlackElo "2485"]

1.e4 e6 2.d4 d5 3.Nc3 Bb4 4.e5 Ne7 5.a3 Bxc3+ 6.bxc3 c5 7.Nf3 Nbc6 8.a4 Qa5
9.Bd2 Bd7 10.Be2 O-O 11.O-O Qc7 12.Re1 b6 13.Bd3 Ng6  1/2-1/2

[Event "Aarhus-B"]
[Site "Aarhus"]
[Date "1985.??.??"]
[Round "2"]
[White "Sorensen, Torben"]
[Black "Holst, Per"]
[Result "1-0"]
[WhiteElo "2200"]
[BlackElo "2200"]

1.e4 e6 2.d4 d5 3.Nc3 Bb4 4.e5 Ne7 5.a3 Bxc3+ 6.bxc3 c5 7.a4 Nbc6 8.Nf3 Bd7
9.Be2 Qa5 10.Bd2 f6 11.c4 Qc7 12.exf6 gxf6 13.cxd5 Nxd5 14.c3 O-O-O 15.O-O Rhg8
16.Re1 Nf4 17.Bxf4 Qxf4 18.Qc1 Qf5 19.Qe3 Rg7 20.Bf1 Ne7 21.dxc5 Nd5 22.Qe4 Qxe4
23.Rxe4 Nxc3 24.Rc4 Nd5 25.Nd4 Nf4 26.g3 e5 27.c6 Bh3 28.cxb7+ Kxb7 29.Rb1+ Ka8
30.Nc6 Rc8 31.Rcb4  1-0

[Event "Aarhus-B"]
[Site "Aarhus"]
[Date "1985.??.??"]
[Round "2"]
[White "Ochsner, Thomas"]
[Black "Rasmussen, Karsten"]
[Result "0-1"]
[WhiteElo "2200"]
[BlackElo "2295"]

1.e4 e6 2.d4 d5 3.Nc3 Bb4 4.e5 Qd7 5.Qg4 Bf8 6.Be3 Ne7 7.Nge2 Nbc6 8.Ng3 g6
9.h4 h5 10.Qf3 b6 11.O-O-O Bb7 12.Bg5 Bg7 13.Nge2 O-O-O 14.Qxf7 Bxe5 15.Qf3 Rdf8
16.Qd3 Bg7 17.g3 Rxf2 18.Bxe7 Nxe7 19.Nf4 Nf5 20.Bh3 Bh6 21.Bxf5 gxf5 22.Qe3 Bxf4
23.gxf4 Rg2 24.Rdg1 Rhg8 25.Nd1 Qd6 26.Rxg2 Rxg2 27.Nf2 Ba6 28.Qf3 Rg7 29.c3 c5
30.Kb1 cxd4 31.cxd4 Rc7 32.Rc1 Rxc1+ 33.Kxc1 Kd7 34.Kb1 Qb4 35.Qe3 Qc4 36.b3 Qf1+
37.Kb2 Qg1 38.Qf3 Qh2 39.Qe3 Qxh4  0-1

[Event "AUT-ch"]
[Site "?"]
[Date "1985.??.??"]
[Round "6"]
[White "Wittmann, Walter"]
[Black "Roth, Peter"]
[Result "1/2-1/2"]
[WhiteElo "2380"]
[BlackElo "2325"]

1.e4 e6 2.d4 d5 3.Nc3 Bb4 4.e5 Qd7 5.Qg4 Bf8 6.Nf3 b6 7.Bb5 c6 8.Be2 Ne7
9.O-O Ba6 10.Rd1 Nf5 11.a3 Be7 12.Qh3 c5 13.dxc5 bxc5 14.Bxa6 Nxa6 15.g4 Nh6
16.Bg5 Qb7 17.b4  1/2-1/2

[Event "Midwest Masters"]
[Site "Chicago"]
[Date "1985.??.??"]
[Round "4"]
[White "Gruchacz, Robert"]
[Black "Bachler, K."]
[Result "1-0"]
[WhiteElo "2330"]
[BlackElo "2200"]

1.e4 e6 2.d4 d5 3.Nc3 Bb4 4.e5 Ne7 5.Qg4 c5 6.Nf3 Nbc6 7.a3 Qa5 8.Bd2 Nxd4
9.Nxd4 cxd4 10.Qxd4 Nc6 11.Bb5 Bxc3 12.Bxc6+ bxc6 13.Bxc3 Qb6 14.Qg4 O-O
15.O-O Qc7 16.b4 Kh8 17.Qh4 Qd8 18.Qxd8 Rxd8 19.Bd4 Kg8 20.Rfe1 Ba6 21.Re3 Bc4
22.h4 Rdc8 23.h5 h6 24.Rae1 a5 25.c3 Bb3 26.Kh2 Bc2 27.Rc1 Bb3 28.Kg3 g6
29.Rf3 gxh5 30.Kh4 Bc4 31.Re1 axb4 32.cxb4 Rc7 33.Kxh5 Kh7 34.Rg3 Ba2 35.f4 Rcc8
36.Rf3 Rg8 37.g4 Rg6 38.Kh4 Rag8 39.Rg1 Bc4 40.Re3 Bb5 41.Rgg3 Ba4 42.Rg1 Bc2
43.Rc3 Ba4 44.Re3 Bc2 45.Reg3 Ba4 46.Bc5 Bc2 47.Rc3 Bf5 48.gxf5 Rxg1 49.Bxg1 Rxg1
50.fxe6 fxe6 51.Rxc6 Kg6 52.Rxe6+ Kf5 53.Rf6+ Ke4 54.e6 d4 55.e7 Kf3 56.Rxh6 Re1
57.Rd6 Kxf4 58.Rf6+  1-0

[Event "Dresden"]
[Site "Dresden"]
[Date "1985.??.??"]
[Round "10"]
[White "Tischbierek, Raj"]
[Black "Uhlmann, Wolfgang"]
[Result "0-1"]
[WhiteElo "2465"]
[BlackElo "2515"]

1.e4 e6 2.d4 d5 3.Nc3 Bb4 4.e5 Ne7 5.a3 Bxc3+ 6.bxc3 c5 7.Nf3 Bd7 8.dxc5 Qc7
9.Be3 Nbc6 10.Bd3 Nxe5 11.Nxe5 Qxe5 12.O-O Qxc3 13.Rb1 d4 14.Bd2 Qxc5 15.Rxb7 Qd5
16.Rb4 O-O 17.Qg4 e5 18.Qg5 a5 19.Rb6 f6 20.Qh5 f5 21.Qg5 Nc8 22.Rh6 Nd6
23.Rh4 Rf6 24.f3 Bc6 25.Rh5 Raf8 26.Qh4 h6 27.Qg3 Qe6 28.Bxa5 e4 29.Be2 f4
30.Qh3 Qf7 31.fxe4 Bxe4 32.Qb3 Qxb3 33.cxb3 d3 34.Bd1 g5 35.Bc3 Re6 36.b4 Bd5
37.h4 Ne4 38.Be1 d2 39.Bf2 Bc4 40.hxg5 hxg5 41.Bd4 Bxf1  0-1

[Event "BCF-ch"]
[Site "Edinburgh"]
[Date "1985.??.??"]
[Round "2"]
[White "Motwani, Paul"]
[Black "Walker, Susan"]
[Result "1-0"]
[WhiteElo "2365"]
[BlackElo "2050"]

1.e4 e6 2.d4 d5 3.Nc3 Bb4 4.e5 Ne7 5.Nf3 c5 6.a3 Bxc3+ 7.bxc3 Qa5 8.Qd2 Nbc6
9.a4 O-O 10.Ba3 b6 11.Bd3 Re8 12.O-O cxd4 13.Nxd4 b5 14.axb5 Nxd4 15.Bxe7 Qb6
16.Bf6 gxf6 17.exf6 Nf5 18.Bxf5 Kh8 19.Qh6  1-0

[Event "FIN-ch"]
[Site "Espoo"]
[Date "1985.??.??"]
[Round "?"]
[White "Maki, Veijo"]
[Black "Raaste, Eero J"]
[Result "1/2-1/2"]
[WhiteElo "2355"]
[BlackElo "2340"]

1.e4 e6 2.d4 d5 3.Nc3 Bb4 4.e5 Ne7 5.a3 Bxc3+ 6.bxc3 c5 7.a4 Nbc6 8.Nf3 Qa5
9.Bd2 Bd7 10.Be2 f6 11.Rb1 Qc7 12.Bf4 Ng6 13.Bg3 fxe5 14.O-O cxd4 15.cxd4 O-O
16.c4 Nf4 17.cxd5 exd5 18.dxe5 Nxe2+ 19.Qxe2 Bg4 20.Qb5 Bxf3 21.gxf3 Qd7
22.Qxb7 Qe6 23.Qc7 Nd4 24.Rb7 Nxf3+ 25.Kh1 Qg4 26.Qd7 Qxd7 27.Rxd7 Rfd8 28.Rxd8+ Rxd8
29.Kg2  1/2-1/2

[Event "Frunze"]
[Site "Frunze"]
[Date "1985.??.??"]
[Round "3"]
[White "Watson, William N"]
[Black "Gulko, Boris F"]
[Result "1/2-1/2"]
[WhiteElo "2460"]
[BlackElo "2475"]

1.e4 e6 2.d4 d5 3.Nc3 Bb4 4.e5 b6 5.Bd2 Ne7 6.Nb5 Bxd2+ 7.Qxd2 Nf5 8.Nf3 Ba6
9.g4 Ne7 10.Qc3 Bxb5 11.Bxb5+ c6 12.Be2 Nd7 13.O-O-O b5 14.Qe3 Qc7 15.Bxb5  1/2-1/2

[Event "NOR-ch"]
[Site "Gausdal"]
[Date "1985.??.??"]
[Round "3"]
[White "Moen, Ole Christian"]
[Black "Haugli, Petter"]
[Result "0-1"]
[WhiteElo "2285"]
[BlackElo "2305"]

1.e4 e6 2.d4 d5 3.Nc3 Bb4 4.e5 Qd7 5.Bd2 b6 6.Qg4 f5 7.Qh3 Bb7 8.Nf3 Nc6
9.Ne2 O-O-O 10.c3 Bf8 11.Nf4 Nh6 12.Ng5 Re8 13.Be2 Nd8 14.Bh5 Nhf7 15.Bxf7 Nxf7
16.Nxh7 Be7 17.Ng6 Bg5 18.Nxh8 Rxh8 19.Qh5 Bxd2+ 20.Kxd2 Nd8 21.h4 g6 22.Qxg6 Rxh7
23.g3 Ba6 24.Rac1 Qb5 25.Rc2 Qd3+ 26.Kc1 Qe4 27.Rd1 Bd3 28.Rcd2 f4 29.Qxe4 Bxe4
30.Rg1 f3 31.Rh1 Bf5 32.h5 Bg4 33.h6 Nf7 34.Rh4 Bf5 35.g4 Be4 36.Rd1 Rxh6
37.Rxh6 Nxh6 38.Rg1 Ng8 39.Rh1 Ne7 40.Rh8+ Kd7 41.Kd2 a5 42.b4 axb4 43.cxb4 c5
44.dxc5 bxc5 45.b5 d4 46.a4 c4 47.g5 c3+ 48.Kc1 d3 49.Rh4 d2+  0-1

[Event "Hamburg-ch"]
[Site "Hamburg"]
[Date "1985.??.??"]
[Round "?"]
[White "Fette, Martin"]
[Black "Cordes, Hans Joerg"]
[Result "1-0"]
[WhiteElo "2290"]
[BlackElo "2295"]

1.e4 e6 2.d4 d5 3.Nc3 Bb4 4.e5 Qd7 5.Qg4 f5 6.Qg3 b6 7.h4 Nc6 8.Bb5 Bb7 9.Ne2 a6
10.Bd3 O-O-O 11.Bd2 Kb8 12.a3 Bf8 13.b4 Nge7 14.O-O Rg8 15.Rfb1 Na7 16.Nf4 Nec8
17.Qe3 Be7 18.Qe2 Bxh4 19.Bxa6 Bxa6 20.Qxa6 Bg5 21.b5 Bxf4 22.Bxf4 g5 23.Bd2 h5
24.a4 f4 25.a5 f3 26.Na4 Rg6 27.Nc5 bxc5 28.dxc5 Ne7 29.b6 c6 30.bxa7+  1-0

[Event "Kavala zt"]
[Site "Kavala"]
[Date "1985.??.??"]
[Round "?"]
[White "Borg, Geoffrey"]
[Black "Skalkotas, Nikolaos"]
[Result "1-0"]
[WhiteElo "2360"]
[BlackElo "2375"]

1.e4 e6 2.d4 d5 3.Nc3 Bb4 4.e5 Ne7 5.a3 Bxc3+ 6.bxc3 c5 7.Qg4 Qc7 8.Qxg7 Rg8
9.Qxh7 cxd4 10.Ne2 Nbc6 11.f4 Bd7 12.Qd3 dxc3 13.Qxc3 Rc8 14.Bd2 Nf5 15.Rb1 Qd8
16.Qd3 Na5 17.g3 Nc4 18.Bh3 Qc7 19.Bxf5 exf5 20.Nd4 Nxd2 21.Qxd2 b6 22.O-O Qc5
23.Rb3 Rg6 24.Rff3 Rgc6 25.Rbe3 R6c7 26.Rf2 Qa5 27.e6 fxe6 28.Qe2 Rc4 29.Nxe6 Re4
30.Ng5 Rc3 31.Nxe4 dxe4 32.Qh5+ Ke7 33.Qh7+ Ke6 34.Qg6+  1-0

[Event "Lugano op"]
[Site "Lugano"]
[Date "1985.??.??"]
[Round "?"]
[White "Geenen, Marc"]
[Black "Vogel, Jaap"]
[Result "0-1"]
[WhiteElo "2230"]
[BlackElo "2280"]

1.e4 e6 2.d4 d5 3.Nc3 Bb4 4.e5 b6 5.a3 Bf8 6.f4 Ne7 7.Nf3 h5 8.Be3 c5 9.Bd3 Nec6
10.O-O g6 11.g3 Be7 12.Qd2 Ba6 13.Bxa6 Nxa6 14.Qd3 cxd4 15.Nxd4 Nxd4 16.Qxa6 Nf5
17.Bf2 Qd7 18.Ne2 Rc8 19.Qd3 Rc4 20.c3 Bc5 21.Bxc5 bxc5 22.Rae1 Qb7 23.b3 Re4
24.Nc1 c4 25.bxc4 Qb6+ 26.Kh1 Rxc4 27.Na2 Qc5 28.Rb1 O-O 29.Rb4 Rc8 30.Rxc4 Qxc4
31.Qxc4 Rxc4 32.Rb1 a5 33.Kg2 Ra4 34.Rb3 Ne3+ 35.Kf3 Nc4 36.Ke2 Nxa3 37.Kd3 Nc4
38.Nc1 g5 39.Rb8+ Kg7 40.Rb7 Ra1 41.Kc2 Na3+ 42.Kd2 gxf4 43.gxf4 Rb1 44.Ra7 Nc4+
45.Kd1 Kg6 46.h4 a4 47.f5+ Kxf5 48.Rxf7+ Kxe5  0-1

[Event "Lugano op"]
[Site "Lugano"]
[Date "1985.??.??"]
[Round "3"]
[White "Stein, Bernd"]
[Black "Farago, Ivan"]
[Result "0-1"]
[WhiteElo "2380"]
[BlackElo "2495"]

1.e4 e6 2.d4 d5 3.Nc3 Bb4 4.e5 Ne7 5.a3 Bxc3+ 6.bxc3 c5 7.Qg4 Qc7 8.Qxg7 Rg8
9.Qxh7 cxd4 10.Kd1 Nbc6 11.Nf3 dxc3 12.Ng5 Nxe5 13.f4 Rxg5 14.fxg5 N5g6 15.h4 e5
16.h5 Nf8 17.Qg7 Bg4+ 18.Ke1 O-O-O 19.Qxf7 Bf5 20.Rh4 Ne6 21.g4 e4 22.Kf2 Rf8
23.Qxf8+ Nxf8 24.gxf5 Nxf5 25.Rf4 Qe5 26.Bh3 e3+ 27.Kf3 Ne6 28.Rxf5 Nd4+
29.Kg2 Nxf5 30.Bxf5+ Qxf5 31.Bxe3 d4  0-1

[Event "Mendrisio op"]
[Site "Mendrisio"]
[Date "1985.??.??"]
[Round "?"]
[White "Ekstroem, Roland"]
[Black "Messa, Roberto"]
[Result "1-0"]
[WhiteElo "2400"]
[BlackElo "2325"]

1.e4 e6 2.d4 d5 3.Nc3 Bb4 4.e5 Ne7 5.Nf3 c5 6.dxc5 Nd7 7.Bd3 Ng6 8.Bxg6 hxg6
9.O-O Bxc5 10.Bf4 Be7 11.Re1 Nb6 12.Nb5 Bd7 13.Nbd4 Na4 14.Rb1 b5 15.Nb3 b4
16.Qd2 Rc8 17.Bg5 f6 18.Bf4 g5 19.exf6 gxf6 20.Bg3 Kf7 21.Re2 Qb6 22.Rbe1 Nxb2
23.Nbd4 Nc4 24.Qd3 e5 25.Nf5 Nb2 26.Qxd5+ Be6 27.Nxe5+ fxe5 28.Qxe5 Bf6 29.Nd6+ Kg6
30.Qxe6 Rcf8 31.Be5 Nc4 32.Qf5+  1-0

[Event "Moscow-B"]
[Site "Moscow"]
[Date "1985.??.??"]
[Round "?"]
[White "Watson, William N"]
[Black "Eingorn, Vereslav S"]
[Result "0-1"]
[WhiteElo "2460"]
[BlackElo "2525"]

1.e4 e6 2.d4 d5 3.Nc3 Bb4 4.e5 Ne7 5.Qg4 Nf5 6.Nf3 c5 7.a3 Qa5 8.Bd2 cxd4
9.Nxd4 h5 10.Qd1 Nxd4 11.Bd3 Be7 12.Ne2 Qc7 13.Nxd4 Qxe5+ 14.Be3 Nc6 15.O-O Bd7
16.Be2 Bf6 17.c3 a6 18.Rc1 Rd8 19.Re1 Qd6 20.Bf3 Ne7 21.c4 e5 22.Bd2 dxc4
23.Rxc4 exd4 24.Bb4 Qb8 25.Bxh5 Bb5 26.Rc1 Rd5 27.g4 Bc6  0-1

[Event "Nikea op"]
[Site "Nikea"]
[Date "1985.??.??"]
[Round "?"]
[White "Grigorov, Jordan N"]
[Black "Utasi, Tamas"]
[Result "1-0"]
[WhiteElo "2435"]
[BlackElo "2480"]

1.e4 e6 2.d4 d5 3.Nc3 Bb4 4.e5 b6 5.f4 Bf8 6.Nf3 Ne7 7.Be3 Nbc6 8.Be2 Qd7
9.O-O Bb7 10.a3 O-O-O 11.b4 f6 12.Bd3 Kb8 13.Ne2 h6 14.c3 Rg8 15.a4 fxe5
16.Nxe5 Nxe5 17.fxe5 Nf5 18.Bd2 c5 19.a5 c4 20.Bxf5 exf5 21.axb6 axb6 22.Qc2 g6
23.Bf4 Qe6 24.Bg3 Be7 25.Nf4 Qc8 26.e6 Rd6 27.Qa4 Qc7 28.Nxg6  1-0

[Event "Nis"]
[Site "Nis"]
[Date "1985.??.??"]
[Round "?"]
[White "Campora, Daniel H"]
[Black "Rogers, Ian"]
[Result "1/2-1/2"]
[WhiteElo "2485"]
[BlackElo "2485"]

1.e4 e6 2.d4 d5 3.Nc3 Bb4 4.e5 b6 5.a3 Bxc3+ 6.bxc3 Qd7 7.a4 Ba6 8.Bxa6 Nxa6
9.Qg4 f5 10.exf6 Nxf6 11.Qe2 Nb8 12.Nf3 Nc6 13.O-O Ne4 14.Qd3 O-O 15.c4 Rf5  1/2-1/2

[Event "JUG-ch"]
[Site "Novi Sad"]
[Date "1985.??.??"]
[Round "?"]
[White "Abramovic, Bosko"]
[Black "Redzepagic, Rolando"]
[Result "1-0"]
[WhiteElo "2460"]
[BlackElo "2300"]

1.e4 e6 2.d4 d5 3.Nc3 Bb4 4.e5 b6 5.a3 Bf8 6.Nf3 Ne7 7.Bd3 Ba6 8.O-O Bxd3
9.Qxd3 Nf5 10.Ne2 Be7 11.Bd2 O-O 12.Nf4 Qd7 13.Rac1 b5 14.Qe2 c5 15.dxc5 Bxc5
16.Nd3 Bb6 17.g4 Ne7 18.Kh1 Nbc6 19.Nh4 Ng6 20.Ng2 f6 21.exf6 gxf6 22.f4 e5
23.f5 Nh8 24.Bh6 Rfe8 25.g5 Nf7 26.gxf6 Nxh6 27.Qh5 Qf7 28.Qxh6 Kh8 29.Nh4 Rg8
30.Rce1  1-0

[Event "NZD-ch"]
[Site "?"]
[Date "1985.??.??"]
[Round "?"]
[White "Pomeroy, Arthur"]
[Black "McLaren, Leonard"]
[Result "0-1"]
[WhiteElo "2200"]
[BlackElo "2200"]

1.e4 e6 2.d4 d5 3.Nc3 Bb4 4.e5 Qd7 5.a3 Bxc3+ 6.bxc3 b6 7.Nh3 Ba6 8.Bxa6 Nxa6
9.Qg4 g6 10.a4 Qc6 11.O-O Qxc3 12.Ra3 Qc6 13.Rf3 h6 14.c4 dxc4 15.d5 Qxd5
16.Nf4 Qe4 17.Re3 Qf5 18.Qf3 Rd8 19.g4 Qg5 20.Qc6+ Rd7 21.Qxc4 Nc5 22.Nh3 Qd8
23.Ba3 Rd4 24.Qe2 Qd5 25.f4 Rd2 26.Qf3 Qxf3 27.Rexf3 h5 28.Nf2 Nxa4 29.h3 hxg4
30.hxg4 c5 31.f5 gxf5 32.gxf5 exf5 33.Rxf5 Ne7 34.Rf3 Rd4 35.Bc1 Rg8+ 36.Kh2 Rh4+
37.Nh3 Rh7 38.Rf4 Nc3 39.Bb2 Ncd5 40.Re4 Rg6 41.Ra1 a5  0-1

[Event "SVK-ch"]
[Site "Piestany"]
[Date "1985.??.??"]
[Round "4"]
[White "Gazik, Igor"]
[Black "Tibensky, Robert"]
[Result "1-0"]
[WhiteElo "2335"]
[BlackElo "2340"]

1.e4 e6 2.d4 d5 3.Nc3 Bb4 4.e5 b6 5.Qg4 Bf8 6.Nf3 Qd7 7.a4 a5 8.Nb5 Ne7 9.Bd3 Nbc6
10.c3 Na7 11.O-O Nxb5 12.axb5 c6 13.bxc6 Qxc6 14.Bc2 Ba6 15.Re1 h6 16.Bd2 Bb5
17.b3 g6 18.Rac1 Rc8 19.h4 h5 20.Qg3 Bh6 21.Bxh6 Rxh6 22.Qf4 Rh8 23.Qf6 Kd7
24.Ng5 Rhf8 25.Nh7 Rh8 26.Qxf7 Rxh7 27.Qxh7 Qxc3 28.Bxg6 Qd2 29.Rcd1  1-0

[Event "SVK-ch"]
[Site "Piestany"]
[Date "1985.??.??"]
[Round "6"]
[White "Svejkovsky, Pavol"]
[Black "Tibensky, Robert"]
[Result "1-0"]
[WhiteElo "2200"]
[BlackElo "2340"]

1.e4 e6 2.d4 d5 3.Nc3 Bb4 4.e5 b6 5.Bd2 Qd7 6.h4 Ba6 7.Bxa6 Nxa6 8.Qe2 Nb8
9.Rh3 Bf8 10.Nf3 Ne7 11.h5 h6 12.b3 Nbc6 13.Na4 O-O-O 14.Nb2 f6 15.Nd3 Re8
16.a4 Nd8 17.a5 Nf7 18.axb6 cxb6 19.Nb4 Kb8 20.Kf1 Nc6 21.Na6+ Ka8 22.Qb5 Be7
23.Nh4 fxe5 24.Ng6 Rhg8 25.Rc3 Nfd8 26.Nxe5 Nxe5 27.Qxd7 Nxd7 28.Rc8+ Kb7
29.Rc7+ Ka8 30.Rxd7 Nb7 31.Nc7+ Kb8 32.Nxe8 Rxe8 33.Bf4+ Ka8 34.Bc7 Na5 35.Be5  1-0

[Event "Poznan"]
[Site "Poznan"]
[Date "1985.??.??"]
[Round "1"]
[White "Lanc, Alois"]
[Black "Enders, Peter"]
[Result "0-1"]
[WhiteElo "2385"]
[BlackElo "2365"]

1.e4 e6 2.d4 d5 3.Nc3 Bb4 4.e5 Ne7 5.a3 Bxc3+ 6.bxc3 c5 7.Qg4 cxd4 8.Qxg7 Rg8
9.Qxh7 Qc7 10.Ne2 dxc3 11.f4 Nbc6 12.Qd3 Bd7 13.Rb1 Nf5 14.Qxc3 d4 15.Qc4 O-O-O
16.Bd2 f6 17.exf6 Nd6 18.Qb3 Ne4 19.Qd3 Nxd2 20.Qxd2 e5 21.fxe5 Qxe5 22.Rb3 Qxf6
23.Nf4 Bf5 24.Be2 Bxc2 25.Qxc2 Qxf4 26.Rf1 Qe5 27.Rf7 Rxg2 28.Rfxb7 Rg1+
29.Kd2 Qf4+ 30.Kd3 Qe3+ 31.Kc4 d3 32.Bxd3 Rg4+ 33.Kb5 Rd5+ 34.Kxc6 Qe6+  0-1

[Event "Prague zt"]
[Site "Prague"]
[Date "1985.??.??"]
[Round "4"]
[White "Mokry, Karel"]
[Black "Farago, Ivan"]
[Result "1/2-1/2"]
[WhiteElo "2490"]
[BlackElo "2495"]

1.e4 e6 2.d4 d5 3.Nc3 Bb4 4.e5 Ne7 5.a3 Bxc3+ 6.bxc3 c5 7.Nf3 Bd7 8.dxc5 Nbc6
9.Bd3 Ng6 10.Rb1 Ngxe5 11.Nxe5 Nxe5 12.Rxb7 Qc8 13.Rb4 Qxc5 14.O-O Nxd3 15.Qxd3  1/2-1/2

[Event "Szirak"]
[Site "Szirak"]
[Date "1985.??.??"]
[Round "1"]
[White "Sax, Gyula"]
[Black "Vaisser, Anatoli"]
[Result "1/2-1/2"]
[WhiteElo "2535"]
[BlackElo "2515"]

1.e4 e6 2.d4 d5 3.Nc3 Bb4 4.e5 Ne7 5.Bd2 b6 6.Nf3 Ba6 7.Ne2 Bxd2+ 8.Qxd2 Qd7
9.g3 c5 10.c3 Nbc6 11.Nf4 Bxf1 12.Kxf1 Ng6 13.Nh5 O-O 14.Qg5 f6 15.exf6 gxf6
16.Qg4 Kh8 17.Re1 Rae8 18.Kg2 Qf7 19.Nf4 Nxf4+ 20.Qxf4 e5 21.dxe5 fxe5 22.Qxf7 Rxf7
23.Nd2 Ref8 24.Rhf1 c4 25.b3 b5 26.bxc4 bxc4 27.Rb1 Kg7 28.Rb5 Rd7 29.Rd1 Rfd8
30.Nf1 Kf6  1/2-1/2

[Event "Szirak"]
[Site "Szirak"]
[Date "1985.??.??"]
[Round "12"]
[White "Horvath, Jozsef"]
[Black "Uhlmann, Wolfgang"]
[Result "1-0"]
[WhiteElo "2520"]
[BlackElo "2515"]

1.e4 e6 2.d4 d5 3.Nc3 Bb4 4.e5 Ne7 5.a3 Bxc3+ 6.bxc3 c5 7.Qg4 Qc7 8.Qxg7 Rg8
9.Qxh7 cxd4 10.Ne2 Nbc6 11.f4 Bd7 12.Qd3 dxc3 13.Rb1 Nf5 14.h3 d4 15.g4 Nh4
16.Qh7 Nf3+ 17.Kf2 O-O-O 18.Kxf3 Nxe5+ 19.fxe5 Bc6+ 20.Kf2 Bxh1 21.Rb4 Qxe5
22.Bf4 Qf6 23.Rc4+ Bc6 24.Bg2 e5 25.Bxc6 exf4 26.Bf3+ Kb8 27.Rb4 Qg6 28.Rxb7+ Kc8
29.Qxf7 Qxf7 30.Rxf7 d3 31.cxd3 Rxd3 32.Rxf4 c2 33.Rc4+ Kd7 34.Nf4 Rxa3 35.Rxc2 Rf8
36.Kg3 Rc8 37.Rxc8 Kxc8 38.g5 Kd7 39.Kg4 a5 40.g6 Ke7 41.Bd5 Ra1 42.Kf5 Rg1
43.h4 Kf8 44.Kf6 Rg4 45.g7+  1-0

[Event "Tirnavia-B"]
[Site "Trnava"]
[Date "1985.??.??"]
[Round "2"]
[White "Terzic, Safet"]
[Black "Bany, Jerzy"]
[Result "1-0"]
[WhiteElo "2345"]
[BlackElo "2435"]

1.e4 e6 2.d4 d5 3.Nc3 Bb4 4.e5 b6 5.Qg4 Bf8 6.Nf3 Qd7 7.Bd2 Ba6 8.Bxa6 Nxa6
9.O-O Nb4 10.Ne2 Nc6 11.Nf4 Nh6 12.Qh3 Nf5 13.c4 dxc4 14.d5 Nce7 15.dxe6 fxe6
16.Bc3 Nd5 17.Nxd5 Qxd5 18.Rad1 Qc6 19.g4 Ne7 20.Nd4 Qd7 21.g5 Nd5 22.Nxe6 c6
23.f4 Bc5+ 24.Kh1 Kf7 25.f5 Qe7 26.Nxc5 Qxc5 27.e6+ Kg8 28.Bxg7  1-0

[Event "Tirnavia"]
[Site "Trnava"]
[Date "1985.??.??"]
[Round "5"]
[White "Lanc, Alois"]
[Black "Mokry, Karel"]
[Result "1/2-1/2"]
[WhiteElo "2385"]
[BlackElo "2490"]

1.e4 e6 2.d4 d5 3.Nc3 Bb4 4.e5 b6 5.a3 Bf8 6.f4 Ne7 7.Be3 h5 8.Nf3 Qd7 9.Bf2 Ba6
10.Bxa6 Nxa6 11.Qe2 Nb8 12.g3 Nbc6 13.h3 Ng6 14.Be3 Nce7 15.O-O-O Nf5 16.Bf2 Be7
17.Qd2 O-O-O 18.g4 hxg4 19.hxg4 Rxh1 20.Rxh1 Nh6 21.Rg1 Rh8 22.Be3 c6 23.Qd3 Kb7
24.Kb1 Bd8 25.Nd1 Ne7 26.Nf2 Nhg8 27.Rh1 Rxh1+ 28.Nxh1 Nh6 29.Nh2 Qe8 30.Qh7 Qg8
31.Qxg8  1/2-1/2

[Event "Tirnavia"]
[Site "Trnava"]
[Date "1985.??.??"]
[Round "7"]
[White "Lanc, Alois"]
[Black "Schmidt, Wlodzimierz"]
[Result "1/2-1/2"]
[WhiteElo "2385"]
[BlackElo "2475"]

1.e4 e6 2.d4 d5 3.Nc3 Bb4 4.e5 Ne7 5.a3 Bxc3+ 6.bxc3 c5 7.Qg4 Qc7 8.Qxg7 Rg8
9.Qxh7 cxd4 10.Ne2 Nbc6 11.f4 Bd7 12.Qd3 dxc3 13.Rb1 Nf5 14.Qxc3 d4 15.Qc4 Qa5+
16.Bd2 Qxa3 17.Rxb7 Ne3 18.Bxe3 dxe3 19.Qb3 Qa1+ 20.Qb1 Qa5+ 21.c3 Ne7 22.Rb8+ Rxb8
23.Qxb8+ Bc8 24.Qb2 Nd5 25.g3 Ba6 26.Nd4 Kd7 27.Bxa6 Qxa6 28.Qb5+ Qxb5 29.Nxb5 Rc8
30.Ke2 a6 31.Nd4 Rxc3 32.h4 Rc4 33.Kd3 Rc3+ 34.Ke2 Rc4 35.Kd3 Rc3+ 36.Ke2 Rc4  1/2-1/2

[Event "Hoogovens-B"]
[Site "Wijk aan Zee"]
[Date "1985.??.??"]
[Round "6"]
[White "Bohm, Hans"]
[Black "Portisch, Ferenc"]
[Result "0-1"]
[WhiteElo "2435"]
[BlackElo "2405"]

1.e4 e6 2.d4 d5 3.Nc3 Bb4 4.e5 Ne7 5.Bd2 b6 6.Nce2 Bxd2+ 7.Qxd2 Ba6 8.f4 c5
9.c3 Nf5 10.Nf3 Nh4 11.Nxh4 Qxh4+ 12.g3 Qe7 13.f5 Nc6 14.Nf4 Bxf1 15.Rxf1 cxd4
16.cxd4 exf5 17.Rc1 Rc8 18.Nxd5 Qd7 19.Nb4 O-O 20.Nxc6 Rxc6 21.Rxc6 Qxc6
22.Kf2 Qd5 23.b3 Rc8 24.Re1 h6 25.Qd3 b5 26.Rd1 g6 27.Kg1 b4 28.Re1 Kg7 29.Qd2 a5
30.e6 fxe6 31.Re5 Qd6 32.Rxa5 Rd8 33.Kf2 Qb6 34.Re5 Rxd4 35.Qe3 Rd2+ 36.Ke1 Qxe3+
37.Rxe3 Rxh2 38.Rxe6 Rxa2  0-1